Fr. Conceicao Rodrigues College of Engineering

Manufacturing system analysis with application to Production scheduling (Record no. 26836)

MARC details
000 -LEADER
fixed length control field 00410nam a2200169Ia 4500
082 ## - DEWEY DECIMAL CLASSIFICATION NUMBER
Classification number 658.53
Item number BAU
100 ## - MAIN ENTRY--PERSONAL NAME
Personal name Baudin/Michael
245 ## - TITLE STATEMENT
Title Manufacturing system analysis with application to Production scheduling
260 ## - PUBLICATION, DISTRIBUTION, ETC.
Name of publisher, distributor, etc. Yourdon Press
Date of publication, distribution, etc. 1990
366 ## - TRADE AVAILABILITY INFORMATION
Publishers's discount category 20
300 ## - PHYSICAL DESCRIPTION
Extent 360
546 ## - LANGUAGE NOTE
Language note ENGLISH
-- Info.Tech
650 ## - SUBJECT ADDED ENTRY--TOPICAL TERM
Topical term or geographic name entry element MANUFACTURING
654 ## - SUBJECT ADDED ENTRY--FACETED TOPICAL TERMS
Focus term manufacturing
942 ## - ADDED ENTRY ELEMENTS (KOHA)
Koha item type Reference Book
Holdings
Withdrawn status Lost status Damaged status Not for loan Collection Home library Current library Date acquired Source of acquisition Cost, normal purchase price Inventory number Total Checkouts Full call number Barcode Date last seen Cost, replacement price Price effective from Koha item type
        CRC Fr. Agnel's C.Rodrigues College of Engineering Fr. Agnel's C.Rodrigues College of Engineering 17/03/2023 Book Base 2009.76 10813 dt 26/04/2011   658.53 BAU 21644 17/03/2023 2512.20   Reference Book